Представление документа в формате RUSMARC

ПолеНазваниеЗначение
  Тип записи a
  Библиографический уровень m
001 Контрольный номер e6f2899d970d44f68676074ad3f239bd
005 Дата корректировки 20140626095811.5
010 Индекс ISBN __
a ISBN 5-98119-165-5
200 Заглавие и сведения об ответственности 1_
a Заглавие Новое в законодательстве о ценных бумагах
e Сведения, относящиеся к заглавию сб.документов
210 Выходные данные 1_
a Место издания М.
c Издательство Омега-Л
d Дата издания 2004
215 Физическое описание __
a Объем 222 с.
225 Серия 2_
a Серия Библиотека российского законодательства
610 Ключевые слова 0_
a Ключевые слова федеральный закон
610 Ключевые слова 0_
a Ключевые слова сборник документов
610 Ключевые слова 0_
a Ключевые слова нормативнвй акт
610 Ключевые слова 0_
a Ключевые слова право
610 Ключевые слова 0_
a Ключевые слова ценные бумаги
610 Ключевые слова 0_
a Ключевые слова занонодательство
610 Ключевые слова 0_
a Ключевые слова закон
686 Индексы других классификаций __
a Классификационный индекс 67.622-32
2 Код системы rubbk
686 Индексы других классификаций __
a Классификационный индекс 65.9(2)262.1
2 Код системы rubbk
801 Источник записи _0
a Страна RU
b Организация РУК
c Дата составления 20041102
g Правила каталогизации PSBO
801 Источник записи _1
a Страна RU
b Организация РУК
c Дата составления 20041102
g Правила каталогизации PSBO
852 Данные о местонахождении __
i Авторский знак Н 74
j Шифр хранения ББК 67
901 Тип документа __
t Тип документа m
938 Служебная информация __
a Название организации Головной вуз
b Имя БД BOOK
c Название АИБС АИБС ИРБИС